|
|
|
|
| LEADER |
00000nam0a2200000 4500 |
| 001 |
95364 |
| 005 |
20231031110123.0 |
| 035 |
|
|
|a (RuTPU)RU\TPU\book\102119
|
| 090 |
|
|
|a 95364
|
| 100 |
|
|
|a 20060425d1981 k y0rusy50 ca
|
| 101 |
0 |
|
|a rus
|
| 102 |
|
|
|a RU
|
| 105 |
|
|
|a a z 001zy
|
| 200 |
1 |
|
|a Структура генерирующих мощностей и режимы работы энергосистем
|e сборник научных трудов
|f под ред. Ю. И. Лыскова
|
| 210 |
|
|
|a Москва
|c Энергоиздат
|d 1981
|
| 215 |
|
|
|a 108 с.
|c ил.
|
| 300 |
|
|
|a Издание основано в 1969 г.
|
| 320 |
|
|
|a Библиогр. в конце ст.
|
| 610 |
1 |
|
|a энергосистемы
|
| 610 |
1 |
|
|a работа
|
| 610 |
1 |
|
|a мощность
|
| 610 |
1 |
|
|a энергетические системы
|
| 610 |
1 |
|
|a сборники
|
| 610 |
1 |
|
|a проектирование
|
| 610 |
1 |
|
|a надежность
|
| 675 |
|
|
|a 621.311
|v 3
|
| 702 |
|
1 |
|a Лысков
|b Ю. И.
|g Юрий Иосифович
|4 340
|
| 801 |
|
1 |
|a RU
|b 63413507
|c 20060425
|g PSBO
|
| 801 |
|
2 |
|a RU
|b 63413507
|c 20070706
|g PSBO
|
| 942 |
|
|
|c BK
|